Estadística de pasajeros por mar / (Record no. 186665)

MARC details
000 -LEADER
campo de control de longitud fija 01087nas a2200253 i 4500
001 - NÚMERO DE CONTROL
campo de control 186665
003 - IDENTIFICADOR DE NÚMERO DE CONTROL
campo de control ES-MaACL
005 - FECHA Y HORA DE LA ÚLTIMA TRANSACCIÓN
campo de control 20250217134922.0
008 - DATOS DE LONGITUD FIJA--INFORMACIÓN GENERAL
campo de control de longitud fija 170112d19141924sp | | ||pa d
022 ## - NÚMERO INTERNACIONAL NORMALIZADO PARA PUBLICACIONES SERIADAS
Número Internacional Normalizado para Publicaciones Seriadas 1130-7072
080 ## - NÚMERO DE LA CLASIFICACIÓN DECIMAL UNIVERSAL
Número de la Clasificación Decimal Universal 656.6(083.4)
245 00 - MENCIÓN DEL TÍTULO
Título Estadística de pasajeros por mar /
Mención de responsabilidad, etc. Ministerio de Instrucción Pública y Bellas Artes, Dirección General del Instituto Geográfico y Estadístico.
260 ## - PUBLICACIÓN, DISTRIBUCIÓN, ETC.
Lugar de publicación, distribución, etc. Madrid :
Nombre del editor, distribuidor, etc. Talleres del Instituto Geográfico y Estadístico,
Fecha de publicación, distribución, etc. 1914-1924.
300 ## - DESCRIPCIÓN FÍSICA
Extensión 3 v. ;
Dimensiones 27 cm.
362 0# - FECHAS DE PUBLICACIÓN Y/O DESIGNACIÓN SECUENCIAL
Fecha de publicación y/o designación secuencial 1912/1913-1920/1921/1922.
550 ## - NOTA DE ENTIDAD RESPONSABLE
Nota de entidad responsable Desde 1919 edita: Ministerio de Trabajo, Comercio e Industria, Dirección General de Estadística.
650 #4 - PUNTO DE ACCESO ADICIONAL DE MATERIA--TÉRMINO DE MATERIA
Término de materia o nombre geográfico como elemento de entrada Transportes marítimos-
Subdivisión geográfica España-
Subdivisión de forma Estadísticas.
9 (RLIN) 161537
710 2# - ENTRADA AGREGADA--NOMBRE DE ENTIDAD CORPORATIVA
Nombre de entidad corporativa o nombre de jurisdicción como elemento de entrada Instituto Geográfico y Estadístico (España)
9 (RLIN) 3892
710 0# - ENTRADA AGREGADA--NOMBRE DE ENTIDAD CORPORATIVA
Nombre de entidad corporativa o nombre de jurisdicción como elemento de entrada España.
Unidad subordinada Dirección General de Estadística.
9 (RLIN) 3734
785 00 - ENTRADA/ENLACE A UN TÍTULO POSTERIOR
Título Estadística del movimiento de buques y pasajeros por mar con el exterior
852 ## - LOCALIZACIÓN
Ubicación ES-MaACL
Número de control de estantería F-5368-70
866 #0 - MENCIÓN TEXTUAL DE FONDOS--UNIDAD BIBLIOGRÁFICA BÁSICA
Fondos 1914, 1916, 1917/18.
Holdings
Estatus retirado Estado de pérdida Estado de daño No para préstamo Colección Biblioteca de origen Biblioteca actual Ubicación en estantería Fecha de adquisición Fuente de adquisición Total de préstamos Signatura topográfica completa Código de barras Visto por última vez Precio de reemplazo Tipo de ítem Koha
        Periódicos y Revistas Biblioteca del Ateneo de Madrid Biblioteca del Ateneo de Madrid Depósito 2 12/01/2017     F-5368-70 1196884 23/02/2023 23/02/2023 Revista